| 000 | 00714nam a22002177a 4500 | ||
|---|---|---|---|
| 999 |
_c15552 _d15552 |
||
| 003 | AR-CdUCM | ||
| 008 | 190429b ||||| |||| 00| 0 spa d | ||
| 040 |
_aMUNICIPALIDAD PROVINCIAL DEL CUSCO _cBIBLIOTECA MUNICIPAL DEL CUSCO |
||
| 082 |
_a711.561 / _bM93 |
||
| 110 |
_aMunicipalidad Provincial del Cusco _95084 |
||
| 245 | _aDiagnóstico básico de Huakaypata La Plaza Mayor del Qosqo / | ||
| 260 | _aCusco; | ||
| 300 |
_a110 hojas ; _b136 fotografías. _c28 cm. |
||
| 505 | _aFotografías... | ||
| 650 |
_aPlaza de Armas _934657 |
||
| 650 |
_aCusco _9772 |
||
| 650 |
_aAmbientes urbanos _934658 |
||
| 856 |
_uhttp://192.168.1.222:81/items/show/154 _zLeer en digital |
||
| 942 |
_2ddc _cLIBROS |
||
| 945 | _awfj | ||